Responses for Primetime Celebrity Jeopardy! game #26 - Tuesday, January 23, 2024

2023-2024 Primetime Celebrity Jeopardy! final game.

Contestants

[<< previous game]

Katie Nolan, a sports comedy host originally from Framingham, Massachusetts

Lisa Ann Walter, an actor and stand-up comedian originally from Washington, D.C.

Mo Rocca, a journalist and podcast host originally from Bethesda, Maryland

Jeopardy! Round responses

ORGANIC CHEMISTRY
ADVANCED CINEMATOGRAPHY
COLLEGE-LEVEL HISTORY COURSES
OBSCURE NOVELS
CLASSICAL COMPOSERS
NIGHT AT THE MUSEUM
(Ken: Let it never be said that we go easy in Celebrity Jeopardy!)
    $100 6
(Mo: What is carbon dioxide?)

oxygen

MoKatie
    $100 30
(Ken: Apparently none of you have the four hours to see [*].)
(Mo: Yes.)
(Lisa Ann: No.)
(Ken: Katie gets it right.)

Killers of the Flower Moon

Katie
    $100 11
[Lisa Ann delivers the response in a Rocky accent.]

Philadelphia

Lisa Ann
    $100 26
Melville

Lisa Ann
    $100 4
Mozart

Mo
    $100 24
Paris

Mo
    $200 7
carbon

Katie
    $200 25
The Shawshank Redemption

Lisa Ann
    $200 13
(Lisa Ann: Damn, you're good on that buzzer, girl.)
(Katie: [Smiling] I practiced.)

the Berlin Wall

Katie
    $200 19
Innocence

Mo
    $200 5
Beethoven

Katie
    $200 1
Michelangelo

Mo
    $300 8
fats

Katie
    $400 29
(Lisa Ann: Oh God!)
(Ken: Lisa Ann?)
(Lisa: Ann: I--[shakes head])
[The time expiry signal sounds.]
(Lisa Ann: Rosebud. What is Rosebud? I know that's not the movie.)
(Ken: That's the right movie, but not the right title.)

Citizen Kane

Lisa Ann
    $300 14
(Mo: [Jumping up and down] That is going to be... 41, 43. Um, who is...)
(Ken: Time's up, I'm afraid.)
(Mo: Uh, B-[*].)
...
(Ken: Last president of his century.)
(Katie: I just did the math.)

(Bill) Clinton

MoKatie
    $300 20
John Steinbeck

Mo
    $300 17
Carmen

Mo
    $300 2
(Ken: Who is [*]?)
(Lisa Ann: Ugh, I know that one!)
(Ken: Occurred to Lisa--)
(Lisa Ann: It's a punchline of one of my jokes!)
(Ken: You tell a [*] joke?)
(Lisa Ann: Yeah, you don't want to know, Ken.)
(Ken: Yeah, let's not tell it right now. Might be a little early in the evening.)
(Mo: [Overlapping] Involves flowers.)

Georgia O'Keeffe

Triple Stumper
    $400 9
a mole

Triple Stumper
    $400 28
Dunkirk

Lisa Ann
    $400 15
the Salem Witch Trials

Mo
    $400 21
The Handmaid's Tale

Lisa Ann
    $400 18
10

Mo
    $400 3
the Flatiron Building

Lisa Ann
    $500 10
(Ken: At least there's no more ORGANIC CHEMISTRY, Katie.)
(Katie: That's right.)
(Ken: Choose another category.)
(Katie: I mean, 'cause they're--they're all so great... and exciting... and I'm experts in all of them...)

radicals

Triple Stumper
    $500 27
Dune

Lisa Ann
    $500 16
Adam Smith

Mo
    $500 22
Willa Cather

Mo
    $500 12
Tchaikovsky

Katie
    $500 23
Edvard Munch

Lisa Ann

Scores at the first commercial break (after clue 15):

Mo Lisa Ann Katie
$300 $500 $1,800

Scores at the end of the Jeopardy! Round:

Mo Lisa Ann Katie
$2,600 $2,200 $1,900

Double Jeopardy! Round responses

LISA, ANN OR WALTER?
KINDA RHYMES WITH KATIE
MO ROCCA DRINKING VODKA WITH CHEWBACCA
PEAK TV
BEST TIME TO VISIT
WACKY FAD OBITUARIES
    $200 12
Ann

Lisa Ann
    $200 10
Brady

Lisa Ann
    $200 14
(Lisa Ann: What is Russia?)

Japan

Lisa AnnKatie
    $200 29
(Katie: [Whispering] Oh, my God.)
(Lisa Ann: Oh.)
(Mo: Oh. Oh, the--the really nasty one.)
(Lisa Ann: Yeah.)
(Ken: You're all thinking of the show. It's called [*].)
(Katie: Oh my--)
(Lisa Ann: Darn it.)
(Mo: Yeah, and thank God the same rules don't apply here. [Laughs])
(Ken: [Chuckles] Oh, did we not--did we not mention that? [Laughs])
(Mo: Right. 'Cause that would just be horrible. But--)
(Ken: We--we do want all three of you to make it to the--Triple Jeopardy!)
(Mo: Yes.)
(Katie: Thank you.)

Squid Game

Triple Stumper
    $200 30
Vienna

Katie
    $200 27
the Slanket (or Snuggie)

Mo
    $400 11
Walter (Cronkite)

Lisa Ann
    $400 9
shady

Katie
    $400 28
(Ken: Yes, moussaka's made of [*].)

eggplant

Mo
    $400 24
Atlanta

Katie
    $400 20
Albuquerque

Triple Stumper
    $400 26
the Shake Weight

Katie
    $600 3
(Katie: Who is Walter?)

Lisa

Lisa AnnKatie
    $600 7
Lady

Katie
    $600 2
(Mo: [Selecting] Um, uh, MO ROCCA DRINKING VODKA WITH CHEWBACCA, aka just another Wednesday, uh, for $600.)

Florida

Mo
    $600 21
The Americans

Katie
    $600 15
the Fringe Festival

Lisa Ann
    $600 22
(Ken: [After Katie's selection] Not MOBITUARIES. Here we go.)
...
(Katie: Oh, no. Line dance? Oh, um... um... okay, sorry.)
(Ken: Time's up, I'm afraid.)
(Lisa Ann: What is the Electric Slide?)
...
(Katie: That's what I thought, but that's not a line dance!)
(Lisa Ann: Ah. That's not a line dance! Judges!)
(Ken: You see a line of people doing it.)
(Katie: That's not a line dance...)
(Ken: If you three did [*] right now, it would totally be a line dance.)
(Katie: That is true. That is true.)

the "Macarena"

Lisa AnnKatie
Triple Stumper
    $800 4
Walter (Peyton)

Lisa Ann
    $800 1
Warren Beatty

Mo
    $800 6
Fozzie (Bear)

Katie
    $800 16
pizzas

Katie
    $800 17
Switzerland

Mo
    $800 23
planking

Lisa Ann
    $1000 5
Ann (Patchett)

Mo
    $2,000 8
Kuwaiti

Katie
    $1000 13
Greta Garbo

Lisa Ann
    $2,000 19
White Lotus

Mo
    $1000 18
(Mo: What is South Africa?)

Ethiopia

Mo
Triple Stumper
    $1000 25
(Ken: Remember [*]? Yes.)
(Katie: I do.)

Pogs

Katie

Scores at the Double Jeopardy! Round commercial break (after clue 15):

Mo Lisa Ann Katie
$5,000 $5,800 $5,300

Scores at the end of the Double Jeopardy! Round:

Mo Lisa Ann Katie
$7,400 $6,000 $8,100

Triple Jeopardy! Round

I'M JUST KEN
ALSO A GOOD STARTER WORD FOR WORDLE
(Ken: All correct responses here, as you might imagine, will be five letters long.)
BOX OFFICE SLEEPERS
SCIENCE IS COOL
____ & ____
(Ken: Each response will be a pair of words.)
OZZY OSBOURNE'S FAVORITE SONGS
    $300 27
Kenny Rogers

Mo
    $300 16
Ouija

Katie
    $300 28
the Empire State Building

Katie
    $300 29
hypothermia

Mo
    $300 9
law & order

Lisa Ann
    $300 30
(Lisa: Oh! What is... "Honky Cat"?)
(Ken: No, I'm sorry. I like that reading of "Honky Cat", though. Mo.)
(Mo: What is "Yellow Brick Road"?)
(Ken: No, sorry.)
(Mo: [Overlapping] "Goodbye Yellow"--What is [*]?)
...
(Lisa Ann: Judy Garland!)
(Mo: No, I know, you should be ashamed. All your gay friends just dropped you.)
(Lisa Ann: They're all here!)
(Mo: [Laughs] They're all here.)

"Goodbye Yellow Brick Road"

MoLisa AnnKatie
    $10,400 26
(Ken: Now you've got a choice to make, here, Mo. There's not a lot of money left on the board. How big do you want to go?)
(Mo: Well, [sighs] I want this to be exciting for people.)
(Lisa Ann: Mo, do it! Do it!)
(Mo: So, I'm gonna--I'm gonna, um... [Sighs] I'm gonna do it all.)
[Cheers and applause]
(Mo: I'm playing with the charity's money and I feel really irresponsible, but go big or go home, or...
(Ken: You're doing this for--)
(Mo: ...get shunned by society.)
(Ken: You're doing this for the people.)
(Mo: Yes.)
(Ken: All right. For the viewers out there.)

Ken Burns

Mo
    $600 15
aisle

Katie
    $600 11
Napoleon Dynamite

Lisa Ann
    $600 20
a blizzard

Lisa Ann
    $600 7
pins & needles

Katie
    $600 23
"Money"

Katie
    $900 4
Kenneth Branagh

Mo
    $900 12
(Katie: What is poach?)

steam

Lisa AnnKatie
    $1,500 1
(Lisa Ann: Shoulda bet more.)

Windex

Lisa Ann
    $900 17
Neptune

Mo
    $900 3
flotsam & jetsam

Mo
    $900 22
"Dazed And Confused"

Triple Stumper
    $1200 5
Ken Griffey Jr.

Katie
    $1200 13
poets

Lisa Ann
    $1200 2
There's Something About Mary

Katie
    $1200 18
absolute zero

Katie
    $3,000 6
cloak & dagger

Katie
    $1200 21
(Mo: Who is Aretha Franklin?)

Nina Simone

Mo
Triple Stumper
    $1500 25
One Flew Over the Cuckoo's Nest

Mo
    $1500 14
tripe

Lisa Ann
    $1500 10
Little Miss Sunshine

Katie
    $1500 19
(Katie: I don't want to guess. I think I know.)
(Ken: Solid to gas is called [*].)
(Katie: I would've gotten it right!)
(Ken: [Gasps] Katie says she knew it, but, you know, easy to say now, Katie.)
(Katie: I know what it is. Yeah, good point. Good point.)
(Ken: I think that's a hard one, but well done if you knew it.)

sublimation

Triple Stumper
    $1500 8
flora & fauna

Katie
    $1500 24
"Mississippi Queen"

Lisa Ann

Scores at the end of the Triple Jeopardy! Round:

Mo Lisa Ann Katie
$21,100 $13,800 $19,500

[wagering suggestions for these scores]

Final Jeopardy! Round responses

LITERARY CLICHÉS
Lisa AnnWhat is The Butler did it?
$13,700
KatieWhat is the doctor is in?
$19,500
MoWhat is I'm so sorry?
$20,000
the butler did it

Final scores:

Mo Lisa Ann Katie
$1,100 $27,500 $0
2nd place: $250,000 to the Inner-City Scholarship Fund Winner: $1,000,000 to the Entertainment Community Fund + a trophy 3rd place: $100,000 to the Association for Women in Sports Media

Game dynamics:

Coryat scores:

Mo Lisa Ann Katie
$10,300 $13,600 $16,700
24 R
(including 2 DDs),
5 W
24 R
(including 1 DD),
4 W
(including 1 DD)
31 R
(including 2 DDs),
3 W

Combined Coryat: $40,600

[game clues] [game scores] [suggest correction]

Game tape date: 2023-11-05
The J! Archive is created by fans, for fans. Scraping, republication, monetization, and malicious use prohibited; this site may use cookies and collect identifying information. See terms. The Jeopardy! game show and all elements thereof, including but not limited to copyright and trademark thereto, are the property of Jeopardy Productions, Inc. and are protected under law. This website is not affiliated with, sponsored by, or operated by Jeopardy Productions, Inc. Join the discussion at JBoard.tv.